Coopérer en conception pour améliorer les supply chains de demain (notice n° 1668131)

détails MARC
000 -LEADER
fixed length control field 01458cam a2200181 4500500
005 - DATE AND TIME OF LATEST TRANSACTION
control field 20260222004202.0
041 ## - LANGUAGE CODE
Language code of text/sound track or separate title fre
042 ## - AUTHENTICATION CODE
Authentication code dc
100 10 - MAIN ENTRY--PERSONAL NAME
Personal name Calvi, Richard
Relator term author
245 00 - TITLE STATEMENT
Title Coopérer en conception pour améliorer les supply chains de demain
260 ## - PUBLICATION, DISTRIBUTION, ETC.
Date of publication, distribution, etc. 2005.<br/>
500 ## - GENERAL NOTE
General note 43
520 ## - SUMMARY, ETC.
Summary, etc. La différenciation fondée sur la réduction des délais de création de l’offre et de service au client est l’une des armes concurrentielles les plus répandues dans les organisations industrielles. Néanmoins, on constate que ces aspects sont traditionnellement abordés de manière séparée dans la mise en œuvre des stratégies. De fait, la logistique opérationnelle se heurte souvent aux contraintes imposées par une conception inadaptée des produits. Cet article présente l’idée qu’une voie essentielle d’amélioration de l’efficacité des supply chains passe par la mise en place de deux mécanismes. L’un concerne la prise en compte des aspects logistiques lors des phases amont du développement. Le second, l’intégration des fournisseurs dans une logique de co-développement pour réduire le processus de création de l’offre.
700 10 - ADDED ENTRY--PERSONAL NAME
Personal name Blanco, Éric
Relator term author
700 10 - ADDED ENTRY--PERSONAL NAME
Personal name Koike, Tetsu
Relator term author
786 0# - DATA SOURCE ENTRY
Note Revue française de gestion | 156 | 3 | 2005-06-01 | p. 187-202 | 0338-4551
856 41 - ELECTRONIC LOCATION AND ACCESS
Uniform Resource Identifier <a href="https://shs.cairn.info/revue-francaise-de-gestion-2005-3-page-187?lang=fr&redirect-ssocas=7080">https://shs.cairn.info/revue-francaise-de-gestion-2005-3-page-187?lang=fr&redirect-ssocas=7080</a>

Pas d'exemplaire disponible.

PLUDOC

PLUDOC est la plateforme unique et centralisée de gestion des bibliothèques physiques et numériques de Guinée administré par le CEDUST. Elle est la plus grande base de données de ressources documentaires pour les Étudiants, Enseignants chercheurs et Chercheurs de Guinée.

Adresse

627 919 101/664 919 101

25 boulevard du commerce
Kaloum, Conakry, Guinée

Réseaux sociaux

Powered by Netsen Group @ 2025